000
00186nam a2200085 4500
001
1238429
005
20251006094049.0
245
_a
BİLİM ÇOCUK
_c
KOMİSYON
260
_b
TÜBİTAK YAYINLARI
999
_c
1238429
_d
1238429